000 00679nam a2200181Ia 4500
008 100920s9999 xx 000 0 und d
082 _b80362
_a891.43 न 02
100 _aसाळवी दिलीप.
245 _a1000 विज्ञान प्रश्नोत्तरी.
260 _bसत्ससाहित्य प्रकाशन, दिल्ली.
_c2002
300 _a161
_bसाधी
365 _b125
520 _aहिंदी.
630 _a1000 विज्ञान प्रश्नोत्तरी.
650 _aहिंदी.
730 _a1000 विज्ञान प्रश्नोत्तरी.
942 _cBOOK
999 _c721268
_d721265